LIBRARY & INFORMATION CENTRE, KCAET, TAVANUR

ONLINE PUBLIC ACCESS CATALOGUE (OPAC)

Drying and storage of cereal grains (Record no. 15297)

MARC details
000 -LEADER
fixed length control field 00308nam a22001337a 4500
022 ## - INTERNATIONAL STANDARD SERIAL NUMBER
ISSN 978/1-119-12423-8
082 ## - DEWEY DECIMAL CLASSIFICATION NUMBER
Classification number 633.10284
Item number BAL/DR
100 ## - MAIN ENTRY--AUTHOR NAME
Personal name Bala, B. K
245 ## - TITLE STATEMENT
Title Drying and storage of cereal grains
250 ## - EDITION STATEMENT
Edition statement 2
260 ## - PUBLICATION, DISTRIBUTION, ETC. (IMPRINT)
Place of publication U.K
Name of publisher Wiley Blackwell
Year of publication 2017
300 ## - PHYSICAL DESCRIPTION
Number of Pages 335
942 ## - ADDED ENTRY ELEMENTS (KOHA)
Koha item type Books

No items available.

free website counter